[Event "Championnat de France des Jeunes - Benj"]
[Site "LA ROCHE SUR YON"]
[Date "2008.04.21"]
[Round "2.13"]
[White "Dufour, Celine"]
[Black "Feller, Alice"]
[Result "1-0"]
[WhiteElo "1490"]
[BlackElo "1650"]
[Annotator "Salaun,Michel"]
[PlyCount "107"]
[EventDate "2008.04.23"]
[EventType "swiss"]
[EventRounds "5"]
[EventCountry "FRA"]

1. e4 d6 2. d4 g6 3. Nf3 Bg7 4. Nc3 c6 5. Bc4 Nf6 6. Bd3 O-O 7. O-O Nbd7 8. Re1
e5 9. dxe5 dxe5 10. h3 Re8 11. Be3 b5 12. a3 Bb7 13. Nd2 a6 14. Nb3 Qc7 15. Nc5
Nxc5 16. Bxc5 Nd7 17. Be3 c5 18. Be2 Nf6 19. Bf1 Rad8 20. Qf3 b4 21. Nb1 Bxe4
22. Qe2 a5 23. Bg5 Bf5 24. g4 Bc8 25. Bg2 Rd6 26. Bh4 Rde6 27. Bg3 Nd7 28. Nd2
Bb7 29. Bxb7 Qxb7 30. Nc4 e4 31. Rad1 Nb6 32. Nd6 Qc6 33. Nxe8 Bxb2 34. axb4
cxb4 35. Rb1 Qc3 36. Nc7 Re7 37. Nb5 Qc4 38. Rxb2 Qc5 39. Bd6 Qd5 40. Bxe7 Nc4
41. Nc7 Qd4 42. Rd1 Qxb2 43. Qxc4 a4 44. Bxb4 Qf6 45. Bc3 Qe7 46. Nd5 Qa7 47.
Nf6+ (47. Qc8#) 47... Kf8 48. Qb4+ (48. Nxh7+ Kg8 49. Rd8+ Kxh7 50. Rh8#) 48...
Kg7 49. Nxe4+ (49. Nh5+ Kh6 50. Qf8+ Kg5 51. Bf6#) 49... Kh6 50. Bd2+ (50. Qf8#
) 50... Kg7 51. Qb2+ (51. Bh6+ Kxh6 52. Qf8#) 51... f6 52. Qxf6+ Kg8 53. Bc3 a3
54. Rd8# 1-0

[Event "Championnat de France des Jeunes - Benj"]
[Site "LA ROCHE SUR YON"]
[Date "2008.04.21"]
[Round "2.12"]
[White "Daadaa, Soha"]
[Black "Ranc, Candice"]
[Result "0-1"]
[WhiteElo "1650"]
[BlackElo "1490"]
[Annotator "Salaun,Michel"]
[PlyCount "95"]
[EventDate "2008.04.23"]
[EventType "swiss"]
[EventRounds "5"]
[EventCountry "FRA"]

1. d4 Nf6 2. c4 e5 3. dxe5 Ng4 4. Nf3 Bb4+ 5. Bd2 Bxd2+ 6. Nbxd2 Nc6 7. e3
Ngxe5 8. Nxe5 Nxe5 9. Nf3 Qe7 10. Nxe5 Qxe5 11. Qd2 d6 12. Be2 O-O 13. O-O Be6
14. Rfd1 Rad8 15. Qd4 Qxd4 16. Rxd4 Rd7 17. Rad1 Rfd8 18. b3 c5 19. R4d2 d5 20.
cxd5 Rxd5 21. Rxd5 Rxd5 22. Kf1 Rxd1+ 23. Bxd1 Kf8 24. Bf3 b6 25. Ke2 Ke7 26.
Be4 h6 27. h3 Kd6 28. Kd3 Bd5 29. Bxd5 Kxd5 30. f4 b5 31. e4+ Kc6 32. g4 f6 33.
a4 c4+ 34. bxc4 bxa4 35. Kc3 Kc5 36. h4 a3 37. e5 fxe5 38. fxe5 Kc6 39. Kb3 Kd7
40. Kxa3 Ke6 41. Kb4 Kxe5 42. c5 Ke6 43. Kb5 Kd7 44. g5 hxg5 45. hxg5 Kc7 46.
g6 a6+ 47. Kb4 Kc6 48. Kc4 0-1

[Event "Championnat de France des Jeunes - Benj"]
[Site "LA ROCHE SUR YON"]
[Date "2008.04.21"]
[Round "2.14"]
[White "Lenoel, Marine"]
[Black "Guinard, Charline"]
[Result "1-0"]
[WhiteElo "1641"]
[BlackElo "1330"]
[Annotator "Salaun,Michel"]
[PlyCount "81"]
[EventDate "2008.04.23"]
[EventType "swiss"]
[EventRounds "5"]
[EventCountry "FRA"]

1. e4 e5 2. Nf3 Nc6 3. Bc4 Bc5 4. d3 Nf6 5. Nc3 h6 6. Be3 Bd4 7. Bxd4 exd4 8.
Nb5 d6 9. Nbxd4 Ne5 10. Bb3 Bg4 11. h3 Nxf3+ 12. Nxf3 Be6 13. Nd4 Qd7 14. Qd2
Bxb3 15. axb3 O-O 16. O-O a6 17. Nf5 Rfe8 18. Qf4 Qe6 19. Rfe1 Kh7 20. Re3 g5
21. Qg3 c6 22. Qxd6 Qxd6 23. Nxd6 Re7 24. Rf3 Kg6 25. Ra5 Rd8 26. Nc4 h5 27.
Raf5 Ng8 28. Ne5+ Kh6 29. Nxf7+ Rxf7 30. Rxf7 b5 31. Rc7 a5 32. Rxc6+ Kh7 33.
Rf7+ Kh8 34. Rcc7 Nf6 35. Rxf6 g4 36. hxg4 hxg4 37. Rg6 a4 38. bxa4 bxa4 39.
Rxg4 a3 40. Rc5 axb2 41. Rh5# 1-0

[Event "Championnat de France des Jeunes - Benj"]
[Site "LA ROCHE SUR YON"]
[Date "2008.04.21"]
[Round "3.11"]
[White "Griggio, Julie"]
[Black "Richier, Lucie"]
[Result "1-0"]
[WhiteElo "1800"]
[BlackElo "1250"]
[Annotator "Salaun,Michel"]
[PlyCount "157"]
[EventDate "2008.04.23"]
[EventType "swiss"]
[EventRounds "5"]
[EventCountry "FRA"]

1. e4 c5 2. Nf3 Nc6 3. c3 Nf6 4. Bd3 d6 5. O-O Bg4 6. Bc2 g6 7. h3 Bxf3 8. Qxf3
Bg7 9. Rd1 Nd7 10. d3 Qb6 11. Bb3 Nde5 12. Qe2 Qb5 13. Na3 Qb6 14. Nc4 Nxc4 15.
Bxc4 Ne5 16. Bb3 Nc6 17. Be3 Rc8 18. Qc2 O-O 19. Qd2 Rfd8 20. d4 e6 21. Rab1
Re8 22. Ba4 cxd4 23. cxd4 d5 24. a3 a6 25. b4 Qa7 26. e5 b5 27. Bb3 a5 28. a4
bxa4 29. Bxa4 axb4 30. Ra1 Qb7 31. Rdc1 Bf8 32. Ra2 b3 33. Qb2 Re7 34. Qxb3
Qxb3 35. Bxb3 Rec7 36. Rac2 Ba3 37. Ra1 Ra7 38. Bc1 Bxc1 39. Raxc1 Ra6 40. f4
Kg7 41. Kf2 h6 42. Rc5 f6 43. Bd1 fxe5 44. dxe5 Ra2+ 45. Kf1 Ra6 46. Be2 Rb6
47. Bb5 Ne7 48. Rxc8 Nxc8 49. Rc7+ Ne7 50. Rxe7+ Kf8 51. Re8+ Kf7 52. Bd7 Rb7
53. Rd8 Ke7 54. Rg8 Kxd7 55. Rxg6 h5 56. Rg5 Kc6 57. Rxh5 Kc5 58. Rh6 Rf7 59.
g3 Kd4 60. Rxe6 Ke3 61. Rf6 Rg7 62. e6 d4 63. Rf7 Rg8 64. e7 Re8 65. Rf5 d3 66.
Re5+ Kd2 67. Kf2 Kc3 68. Rc5+ Kd2 69. Rc7 Kd1 70. f5 Ra8 71. f6 Ra2+ 72. Kf3
Re2 73. f7 Ke1 74. e8=Q Kd1 75. Qa4+ Kd2 76. Qa2+ Kd1 77. Qb1+ Kd2 78. Qb2+ Kd1
79. Qc1# 1-0

[Event "Championnat de France des Jeunes - Benj"]
[Site "LA ROCHE SUR YON"]
[Date "2008.04.21"]
[Round "2.15"]
[White "Richier, Lucie"]
[Black "Colin, Phanie"]
[Result "1/2-1/2"]
[WhiteElo "1250"]
[BlackElo "1630"]
[Annotator "Salaun,Michel"]
[PlyCount "152"]
[EventDate "2008.04.23"]
[EventType "swiss"]
[EventRounds "5"]
[EventCountry "FRA"]

1. e4 c5 2. Nf3 d6 3. Nc3 Nc6 4. Bc4 Nf6 5. d3 g6 6. Bd2 Bg7 7. h3 O-O 8. Qc1
Bd7 9. Bh6 a6 10. Bd5 e6 11. Bxc6 Bxc6 12. Bg5 b5 13. a3 a5 14. O-O b4 15. axb4
axb4 16. Ne2 Qc7 17. Rxa8 Rxa8 18. c3 bxc3 19. bxc3 Bb5 20. Qe3 Ra3 21. c4 Bc6
22. Bxf6 Bxf6 23. Rd1 Bg7 24. Qd2 Qa7 25. Rb1 Ra2 26. Qe1 d5 27. exd5 exd5 28.
cxd5 Bxd5 29. Nc3 Bxc3 30. Qxc3 Bxf3 31. gxf3 Qc7 32. Re1 Ra8 33. Re5 Rc8 34.
Re4 Qd7 35. Kg2 Qd5 36. Rc4 Qg5+ 37. Kh2 Qd5 38. d4 Qe5+ 39. Kg2 Qf6 40. Rxc5
Rxc5 41. Qxc5 Qd8 42. f4 Qh4 43. Qc7 Qf6 44. d5 Qd4 45. Qd6 Qe4+ 46. Kh2 Qf3
47. Qc5 Qxf4+ 48. Kg1 Qg5+ 49. Kf1 Qh5 50. Kg2 Qg5+ 51. Kf3 Qf5+ 52. Kg2 Qg5+
53. Kf1 Qh5 54. Qc8+ Kg7 55. d6 Qd1+ 56. Kg2 Qxd6 57. Qc3+ Kg8 58. Kf3 Qe6 59.
Kf4 Qf5+ 60. Kg3 h5 61. Qf3 Qxf3+ 62. Kxf3 Kg7 63. Kf4 Kf6 64. h4 Ke6 65. Kg5
Ke5 66. f3 Ke6 67. f4 Ke7 68. f5 gxf5 69. Kxf5 Kf8 70. Kg5 Kg7 71. Kf5 f6 72.
Kf4 Kg6 73. Ke4 Kf7 74. Kf5 Kg7 75. Kf4 Kg6 76. Ke4 Kf7 1/2-1/2

[Event "Championnat de France des Jeunes - Benj"]
[Site "LA ROCHE SUR YON"]
[Date "2008.04.21"]
[Round "3.13"]
[White "Guerin, Laurie-Jade"]
[Black "Andre, Severine"]
[Result "0-1"]
[WhiteElo "1430"]
[BlackElo "1733"]
[Annotator "Salaun,Michel"]
[PlyCount "78"]
[EventDate "2008.04.23"]
[EventType "swiss"]
[EventRounds "5"]
[EventCountry "FRA"]

1. e4 d6 2. d4 Nf6 3. Nc3 c6 4. Nf3 Bg4 5. Be2 e6 6. Bg5 Be7 7. e5 dxe5 8. dxe5
Nd5 9. Bxe7 Qxe7 10. Qd4 Bxf3 11. Bxf3 O-O 12. O-O-O Qg5+ 13. Kb1 Nd7 14. h4
Qxe5 15. Nxd5 exd5 16. Rhe1 Qxd4 17. Rxd4 Rfe8 18. Rxe8+ Rxe8 19. Kc1 Ne5 20.
b3 Nxf3 21. gxf3 f6 22. c4 Rd8 23. a4 Kf7 24. Kb2 Ke7 25. Kc3 dxc4 26. Rxd8
Kxd8 27. Kxc4 Kd7 28. b4 b6 29. f4 Kd6 30. f3 g6 31. f5 g5 32. h5 Ke5 33. a5
Kxf5 34. a6 Ke5 35. h6 f5 36. Kd3 g4 37. fxg4 fxg4 38. Ke3 c5 39. bxc5 bxc5 0-1

[Event "Championnat de France des Jeunes - Benj"]
[Site "LA ROCHE SUR YON"]
[Date "2008.04.21"]
[Round "3.14"]
[White "Come, Perrine"]
[Black "Daadaa, Soha"]
[Result "0-1"]
[WhiteElo "1400"]
[BlackElo "1650"]
[Annotator "Salaun,Michel"]
[PlyCount "68"]
[EventDate "2008.04.23"]
[EventType "swiss"]
[EventRounds "5"]
[EventCountry "FRA"]

1. d4 d5 2. c4 e6 3. Nc3 Nf6 4. cxd5 exd5 5. Bg5 Nbd7 6. Nf3 Be7 7. e3 O-O 8.
Bd3 h6 9. Bf4 c6 10. O-O Nh5 11. Ne2 Nxf4 12. Nxf4 Nf6 13. h3 Re8 14. Re1 Qc7
15. Qd2 Bd6 16. Rac1 Ne4 17. Bxe4 dxe4 18. Nh4 g5 19. Nh5 Qd8 20. d5 gxh4 21.
dxc6 Bh2+ 22. Kxh2 Qxd2 23. cxb7 Bxb7 24. Nf6+ Kg7 25. Nxe8+ Rxe8 26. Red1 Qxf2
27. Rc7 Qg3+ 28. Kg1 Qxc7 29. Rf1 Qg3 30. Rf5 Qxe3+ 31. Kh1 Qg3 32. Rf1 e3 33.
Rg1 e2 34. Ra1 Qxg2# 0-1

[Event "Championnat de France des Jeunes - Benj"]
[Site "LA ROCHE SUR YON"]
[Date "2008.04.21"]
[Round "3.12"]
[White "Ferrer, Lauriane"]
[Black "Afraoui, Solenn"]
[Result "1-0"]
[WhiteElo "1420"]
[BlackElo "1830"]
[Annotator "Salaun,Michel"]
[PlyCount "43"]
[EventDate "2008.04.23"]
[EventType "swiss"]
[EventRounds "5"]
[EventCountry "FRA"]

1. e4 c5 2. Nf3 d6 3. d4 cxd4 4. Nxd4 Nf6 5. Nc3 a6 6. Be3 e6 7. Be2 Be7 8. Qd2
Nc6 9. Nb3 O-O 10. O-O-O b5 11. h4 Bb7 12. f3 Qc7 13. g4 Rac8 14. h5 Rfd8 15.
h6 g6 16. g5 Nd7 17. Nd4 Nb6 18. Nxc6 Qxc6 19. Qd4 e5 20. Qxb6 Qxb6 21. Bxb6
Rc6 22. Bxd8 1-0

[Event "Championnat de France des Jeunes - Benj"]
[Site "LA ROCHE SUR YON"]
[Date "2008.04.21"]
[Round "3.15"]
[White "Feller, Alice"]
[Black "Bossmann, Sophie"]
[Result "0-1"]
[WhiteElo "1650"]
[BlackElo "1400"]
[Annotator "Salaun,Michel"]
[PlyCount "144"]
[EventDate "2008.04.23"]
[EventType "swiss"]
[EventRounds "5"]
[EventCountry "FRA"]

1. d4 d5 2. Bg5 f6 3. Bh4 Nh6 4. f3 Nf5 5. Bf2 Nc6 6. c3 e6 7. e4 Nd6 8. Bd3
Bd7 9. Nd2 Qe7 10. Ne2 O-O-O 11. Qc2 Qf7 12. Nb3 Nc4 13. Bxc4 dxc4 14. Nd2 Qg6
15. Bg3 Bd6 16. Rg1 Ne7 17. Bxd6 cxd6 18. Nxc4 d5 19. Nd2 Bc6 20. Nf4 Qh6 21.
Nxe6 Rd6 22. Nc5 Qe3+ 23. Kf1 Bb5+ 24. c4 Bxc4+ 25. Nxc4 dxc4 26. Qxc4 Rxd4 27.
Qe2 Qd2 28. Qxd2 Rxd2 29. Rb1 Rhd8 30. Ke1 Rc2 31. Nb3 Nc6 32. Rd1 Rxb2 33.
Rxd8+ Kxd8 34. Nc1 Nb4 35. a3 Nc2+ 36. Kd2 Nxa3+ 37. Kc3 Rb6 38. Nb3 Nb5+ 39.
Kb2 Nd4 40. Rd1 Rxb3+ 41. Ka2 Rb4 42. f4 Ke7 43. Rc1 Nb5 44. e5 a5 45. g3 a4
46. Rc5 Rb3 47. exf6+ Kxf6 48. g4 Nc3+ 49. Rxc3 Rxc3 50. Kb2 Rh3 51. Ka2 Rxh2+
52. Ka3 Rh4 53. g5+ Kf5 54. Kxa4 Rxf4+ 55. Kb5 Kxg5 56. Kb6 h5 57. Kxb7 h4 58.
Kc7 h3 59. Kd6 Re4 60. Kd5 Kf5 61. Kd6 Re5 62. Kc6 Ke6 63. Kc7 Rc5+ 64. Kb6 Kd6
65. Kb7 Rc6 66. Kb8 Rc7 67. Ka8 g5 68. Kb8 Rh7 69. Ka8 Rg7 70. Kb8 Kc6 71. Ka8
Kb6 72. Kb8 Rg8# 0-1

[Event "Championnat de France des Jeunes - Benj"]
[Site "LA ROCHE SUR YON"]
[Date "2008.04.22"]
[Round "4.14"]
[White "Stubbe, Alicia"]
[Black "Guinard, Charline"]
[Result "1-0"]
[WhiteElo "1570"]
[BlackElo "1330"]
[Annotator "Salaun,Michel"]
[PlyCount "121"]
[EventDate "2008.04.23"]
[EventType "swiss"]
[EventRounds "5"]
[EventCountry "FRA"]

1. e4 d5 2. exd5 Nf6 3. d4 Nxd5 4. c4 Nb6 5. Nc3 Bf5 6. Qf3 g6 7. c5 c6 8. cxb6
Qxb6 9. g4 Bd7 10. Bc4 f6 11. Nge2 Qb4 12. b3 b5 13. a3 Qa5 14. Bxb5 Bg7 15.
Bc4 Na6 16. Bxa6 Qxa6 17. O-O Rd8 18. Be3 Be6 19. b4 O-O 20. Nf4 Bc4 21. Rfe1
e5 22. Nfe2 Bxe2 23. Qxe2 Qc8 24. dxe5 fxe5 25. Bxa7 e4 26. Qc4+ Kh8 27. Rxe4
Rde8 28. Rae1 h6 29. Bc5 Rxe4 30. Rxe4 Rd8 31. Bd4 Bxd4 32. Rxd4 Re8 33. b5
Re1+ 34. Kg2 c5 35. Rd5 Qb7 36. f3 Qe7 37. Rxc5 Qe3 38. Rc8+ Kg7 39. Qg8+ Kf6
40. Qf8+ Kg5 41. h4+ (41. Ne4+ Kh4 42. Qf6+ Qg5 43. Qxg5+ hxg5 44. Rh8#) 41...
Kxh4 42. Qf6+ Qg5 43. Qxg5+ Kxg5 44. b6 Re7 45. Rc5+ Kh4 46. Rc7 Re6 47. b7 Rb6
48. a4 Rb2+ 49. Kf1 Kg3 50. a5 Kxf3 51. a6 Rh2 52. Rf7+ Ke3 53. b8=Q Rh1+ 54.
Kg2 Re1 55. Qe5+ Kd2 56. Ne4+ Kd1 57. Nf2+ Kd2 58. Rd7+ (58. Qb2+ Ke3 59. Rf3#)
58... Kc2 59. Qc5+ Kb3 60. Rb7+ Ka2 61. Qa5# 1-0

[Event "Championnat de France des Jeunes - Benj"]
[Site "LA ROCHE SUR YON"]
[Date "2008.04.22"]
[Round "4.12"]
[White "Dufour, Celine"]
[Black "Gan, Grace"]
[Result "0-1"]
[WhiteElo "1490"]
[BlackElo "1600"]
[Annotator "Salaun,Michel"]
[PlyCount "116"]
[EventDate "2008.04.23"]
[EventType "swiss"]
[EventRounds "5"]
[EventCountry "FRA"]

1. e4 c6 2. d4 d5 3. Nc3 g6 4. Be3 Bg7 5. Nf3 Bg4 6. h3 Bxf3 7. Qxf3 e6 8. Bd3
Ne7 9. O-O Nd7 10. Ne2 O-O 11. c3 e5 12. Rad1 dxe4 13. Bxe4 f5 14. Bc2 e4 15.
Bb3+ Kh8 16. Qf4 Nb6 17. Bc1 Ned5 18. Qd2 Qe7 19. c4 Nc7 20. f3 exf3 21. Rxf3
Rad8 22. Rd3 Bf6 23. Qc2 Rd7 24. Be3 Bg5 25. Bxg5 Qxg5 26. Qd2 Qe7 27. Qe3 Re8
28. Qxe7 Rdxe7 29. Nc3 Ne6 30. d5 cxd5 31. Nxd5 Nxd5 32. Rxd5 Nf4 33. R5d2 Rf8
34. Rd7 Rxd7 35. Rxd7 Rb8 36. Bd1 a6 37. Bf3 b6 38. b3 a5 39. Kf2 Ne6 40. Rd6
Nc5 41. Be2 Ne4+ 42. Ke3 Nxd6 43. Kd4 Rc8 44. Bf3 Kg7 45. Kd5 Ne8 46. Ke6 f4
47. Ke5 g5 48. Bg4 Rc5+ 49. Kd4 Kf6 50. Ke4 Nd6+ 51. Kd4 Nf7 52. a3 Ne5 53. Be2
Nc6+ 54. Kc3 Re5 55. Bf3 Re3+ 56. Kb2 Nd4 57. Bd5 Rxb3+ 58. Ka2 Re3 0-1

[Event "Championnat de France des Jeunes - Benj"]
[Site "LA ROCHE SUR YON"]
[Date "2008.04.22"]
[Round "4.11"]
[White "Daadaa, Soha"]
[Black "Ferrer, Lauriane"]
[Result "1-0"]
[WhiteElo "1650"]
[BlackElo "1420"]
[Annotator "Salaun,Michel"]
[PlyCount "93"]
[EventDate "2008.04.23"]
[EventType "swiss"]
[EventRounds "5"]
[EventCountry "FRA"]

1. d4 d5 2. c4 e5 3. dxe5 d4 4. Nf3 Nc6 5. a3 Bg4 6. Nbd2 g6 7. h3 Bf5 8. Nb3
Qe7 9. Nbxd4 Nxd4 10. Qxd4 Bg7 11. Bg5 Qe6 12. Rd1 Ne7 13. e4 Bxe4 14. Qxe4 Nc6
15. Qd5 Qxd5 16. Rxd5 O-O 17. Bd3 Rfe8 18. O-O Nxe5 19. Nxe5 Bxe5 20. Rd7 Bd6
21. b4 b6 22. f3 Kf8 23. Be4 Rac8 24. Bb7 Rb8 25. Bd5 Be7 26. Bh6+ Kg8 27. Rxc7
a5 28. bxa5 bxa5 29. Ra7 Bxa3 30. Bxf7+ (30. Rxf7) 30... Kh8 31. Bxe8 Bc5+ 32.
Kh1 Bxa7 33. Re1 Bc5 34. Bf7 a4 35. Re8+ Rxe8 36. Bxe8 a3 37. Bc1 a2 38. Bb2+
Kg8 39. Ba4 Ba3 40. Ba1 Kf7 41. Bb3 Ke7 42. Bxa2 Kd6 43. Bg7 Kc6 44. Bd4 Bc5
45. Bxc5 Kxc5 46. Kg1 Kd4 47. Kf2 1-0

[Event "Championnat de France des Jeunes - Benj"]
[Site "LA ROCHE SUR YON"]
[Date "2008.04.22"]
[Round "4.13"]
[White "Costa, Elodie"]
[Black "Bogen, Fanny"]
[Result "1-0"]
[WhiteElo "1480"]
[BlackElo "1580"]
[Annotator "Salaun,Michel"]
[PlyCount "65"]
[EventDate "2008.04.23"]
[EventType "swiss"]
[EventRounds "5"]
[EventCountry "FRA"]

1. e4 c5 2. Nf3 Nf6 3. d3 e6 4. Nc3 d5 5. exd5 exd5 6. Bg5 d4 7. Ne4 Be7 8. Qd2
Bg4 9. Bxf6 Bxf6 10. O-O-O O-O 11. Kb1 Qb6 12. Qf4 Be6 13. Nxf6+ gxf6 14. h4
Nc6 15. h5 Ne7 16. g4 Nd5 17. Qh6 Nc3+ 18. Kc1 Nxa2+ 19. Kd2 Qb4+ 20. Ke2 Rae8
21. Bg2 Bd5+ 22. Kf1 Re6 23. g5 fxg5 24. Qxg5+ Kh8 25. Qxd5 Qxb2 26. Qxc5 Rd8
27. Ng5 Rf6 28. Qe5 Kg7 29. h6+ Kf8 30. Qxf6 Rd7 31. Nxh7+ Ke8 32. Re1+ Re7 33.
Qxe7# 1-0

[Event "Championnat de France des Jeunes - Benj"]
[Site "LA ROCHE SUR YON"]
[Date "2008.04.22"]
[Round "4.15"]
[White "Bossmann, Sophie"]
[Black "Bertin, Cecile"]
[Result "0-1"]
[WhiteElo "1400"]
[BlackElo "1540"]
[Annotator "Salaun,Michel"]
[PlyCount "32"]
[EventDate "2008.04.23"]
[EventType "swiss"]
[EventRounds "5"]
[EventCountry "FRA"]

1. e4 c5 2. Nf3 Nc6 3. Bc4 Nf6 4. Nc3 e6 5. O-O d5 6. exd5 exd5 7. Bb3 Be7 8.
d3 O-O 9. Bf4 Bg4 10. Bg5 Nd4 11. Re1 Nxf3+ 12. gxf3 Bh3 13. Bxf6 Bxf6 14. Nxd5
Bxb2 15. Rb1 Qg5+ 16. Kh1 Qg2# 0-1

[Event "Championnat de France des Jeunes - Benj"]
[Site "LA ROCHE SUR YON"]
[Date "2008.04.23"]
[Round "5.11"]
[White "Gourdelier, Alice"]
[Black "Andre, Severine"]
[Result "0-1"]
[WhiteElo "1490"]
[BlackElo "1733"]
[Annotator "Salaun,Michel"]
[PlyCount "122"]
[EventDate "2008.04.23"]
[EventType "swiss"]
[EventRounds "5"]
[EventCountry "FRA"]

1. e4 d6 2. d4 Nf6 3. Nc3 c6 4. Nf3 Bg4 5. b4 e6 6. a3 d5 7. e5 Nfd7 8. Be2 Be7
9. O-O O-O 10. Re1 b6 11. Na4 c5 12. bxc5 bxc5 13. dxc5 Nxc5 14. Nxc5 Bxc5 15.
Be3 Bxe3 16. fxe3 Nc6 17. Rb1 Bxf3 18. Bxf3 Nxe5 19. Be2 Qc7 20. Rb4 Rac8 21.
Qd4 Nc6 22. Qh4 Nxb4 23. Qxb4 Qxc2 24. Ba6 Rc7 25. Rb1 h6 26. h3 Qc3 27. Qf4 e5
28. Qg3 d4 29. Qxe5 Qxe3+ 30. Qxe3 dxe3 31. Bd3 Rd8 32. Be4 Rc4 33. Bf3 Rc2 34.
Be4 Rcd2 35. Kf1 e2+ 36. Ke1 Rd1+ 37. Kxe2 Rxb1 38. Bxb1 Kf8 39. Be4 Ke7 40.
Bf3 f5 41. Ke3 g5 42. a4 Kf6 43. a5 Ke5 44. g3 Rd4 45. Bh5 Ra4 46. h4 gxh4 47.
gxh4 Rxh4 48. Be2 Ra4 49. a6 Ra3+ 50. Bd3 f4+ 51. Ke2 h5 52. Bc4 h4 53. Kd2 Kd4
54. Be2 Ra2+ 55. Ke1 Ke3 56. Bd1 Ra1 57. Kf1 Rxd1+ 58. Kg2 f3+ 59. Kh3 Kf4 60.
Kh2 Re1 61. Kh3 Rh1# 0-1

[Event "Championnat de France des Jeunes - Benj"]
[Site "LA ROCHE SUR YON"]
[Date "2008.04.23"]
[Round "5.12"]
[White "Gennesseaux, Gabrielle"]
[Black "Lenoel, Marine"]
[Result "0-1"]
[WhiteElo "1280"]
[BlackElo "1641"]
[Annotator "Salaun,Michel"]
[PlyCount "74"]
[EventDate "2008.04.23"]
[EventType "swiss"]
[EventRounds "5"]
[EventCountry "FRA"]

1. e4 e5 2. Nf3 Nc6 3. Bb5 Bc5 4. c3 Nf6 5. d4 exd4 6. cxd4 Bb4+ 7. Bd2 Nxe4 8.
Bxc6 Bxd2+ 9. Nbxd2 Nxd2 10. Qxd2 dxc6 11. O-O O-O 12. Rfe1 Be6 13. Ng5 Bd5 14.
Qf4 f6 15. Ne6 Bxe6 16. Rxe6 Qd7 17. Rae1 Rae8 18. Rxe8 Rxe8 19. Rxe8+ Qxe8 20.
g3 Qe1+ 21. Kg2 Qe7 22. Qf3 Qe6 23. a3 Qd5 24. Qxd5+ cxd5 25. Kf3 Kf7 26. Kf4
Ke6 27. h4 a5 28. a4 b6 29. g4 c5 30. dxc5 bxc5 31. b4 axb4 32. a5 Kd6 33. a6
Kc6 34. Kf5 b3 35. a7 Kb7 36. Ke6 b2 37. Kxd5 b1=Q 0-1

[Event "Championnat de France des Jeunes - Benj"]
[Site "LA ROCHE SUR YON"]
[Date "2008.04.23"]
[Round "5.13"]
[White "Colin, Phanie"]
[Black "Pivard, Elsa"]
[Result "0-1"]
[WhiteElo "1630"]
[BlackElo "1620"]
[Annotator "Salaun,Michel"]
[PlyCount "64"]
[EventDate "2008.04.23"]
[EventType "swiss"]
[EventRounds "5"]
[EventCountry "FRA"]

1. Nf3 Nc6 2. g3 e5 3. d3 Bc5 4. Bg2 d5 5. O-O Nf6 6. e4 dxe4 7. dxe4 Qxd1 8.
Rxd1 Nxe4 9. Rf1 O-O 10. Nxe5 Nxf2 11. Nxc6 Nd3+ 12. Kh1 Nxc1 13. Rxc1 bxc6 14.
Bxc6 Rb8 15. b3 Bd4 16. c3 Bf6 17. Na3 Rd8 18. Rc2 Bf5 19. Rf2 Bg6 20. Rc1 a6
21. c4 Rd6 22. Bg2 Rbd8 23. Bf3 Rd2 24. Rxd2 Rxd2 25. Re1 h6 26. Re8+ Kh7 27.
Ra8 Rxa2 28. Rxa6 Bb2 29. Rc6 Rxa3 30. Rxc7 Rxb3 31. c5 Rxf3 32. c6 Rc3 0-1

[Event "Championnat de France des Jeunes - Benj"]
[Site "LA ROCHE SUR YON"]
[Date "2008.04.22"]
[Round "4.17"]
[White "Amosse, Blandine"]
[Black "Colin, Phanie"]
[Result "0-1"]
[WhiteElo "1420"]
[BlackElo "1630"]
[Annotator "Salaun,Michel"]
[PlyCount "60"]
[EventDate "2008.04.23"]
[EventType "swiss"]
[EventRounds "5"]
[EventCountry "FRA"]

1. e4 c5 2. Nf3 d6 3. d4 cxd4 4. Nxd4 Nf6 5. Nc3 g6 6. Bg5 Bg7 7. Nf3 O-O 8.
Bc4 Nc6 9. Qe2 Bd7 10. O-O a6 11. Rad1 b5 12. Bd5 Qc7 13. Rfe1 Rac8 14. e5 dxe5
15. Bxc6 Bxc6 16. Qxe5 Bxf3 17. Qxc7 Rxc7 18. gxf3 e6 19. Rd2 h6 20. Bxf6 Bxf6
21. Re3 Bg5 22. a4 Bxe3 23. fxe3 Rfc8 24. axb5 axb5 25. Rd4 Rc4 26. Nxb5 Rxc2
27. b4 R2c4 28. Rd7 Rxb4 29. Nd6 Rc2 30. Rd8+ Kh7 0-1

[Event "Championnat de France des Jeunes - Benj"]
[Site "LA ROCHE SUR YON"]
[Date "2008.04.24"]
[Round "6.11"]
[White "Henry, Laura"]
[Black "Ranc, Candice"]
[Result "0-1"]
[WhiteElo "1667"]
[BlackElo "1490"]
[Annotator "Salaun,Michel"]
[PlyCount "126"]
[EventDate "2008.04.23"]
[EventType "swiss"]
[EventRounds "5"]
[EventCountry "FRA"]

1. e4 e5 2. Nf3 Nc6 3. Bb5 a6 4. Ba4 Nf6 5. O-O d6 6. Re1 Bg4 7. c3 Be7 8. d4
b5 9. d5 Na7 10. Bc2 O-O 11. Nbd2 c6 12. Nf1 cxd5 13. exd5 Bc8 14. Bg5 Bb7 15.
Bxf6 Bxf6 16. Ne3 Nc8 17. Nd2 Nb6 18. Ne4 Be7 19. Qd3 g6 20. Ng3 Rc8 21. b3 Bg5
22. Ngf5 Bxe3 23. Nxe3 Qc7 24. c4 bxc4 25. bxc4 Nxc4 26. Nxc4 Qxc4 27. Rac1
Qxd3 28. Bxd3 Rxc1 29. Rxc1 Bxd5 30. Bxa6 Bxa2 31. h3 Rd8 32. f3 d5 33. Kf2 d4
34. Ke2 f5 35. Bb7 Bd5 36. Bxd5+ Rxd5 37. Kd3 Kg7 38. Rc6 Kf7 39. g3 Kg7 40.
Rb6 Kh6 41. h4 Kh5 42. Rb7 h6 43. Rf7 Rd6 44. Re7 e4+ 45. fxe4 fxe4+ 46. Rxe4
Rd5 47. Rf4 g5 48. Re4 Kg6 49. hxg5 Rxg5 50. g4 Rd5 51. Re1 Kg5 52. Rg1 Kh4 53.
Rh1+ Kg5 54. Rg1 Kf4 55. Rh1 Rd6 56. Rg1 Rg6 57. Kxd4 Rxg4 58. Rxg4+ Kxg4 59.
Ke3 Kg3 60. Ke2 Kg2 61. Ke3 h5 62. Kf4 h4 63. Kg4 h3 0-1

[Event "Championnat de France des Jeunes - Benj"]
[Site "LA ROCHE SUR YON"]
[Date "2008.04.23"]
[Round "5.14"]
[White "Come, Perrine"]
[Black "Afraoui, Solenn"]
[Result "0-1"]
[WhiteElo "1400"]
[BlackElo "1830"]
[Annotator "Salaun,Michel"]
[PlyCount "80"]
[EventDate "2008.04.23"]
[EventType "swiss"]
[EventRounds "5"]
[EventCountry "FRA"]

1. d4 Nf6 2. c4 g6 3. Nc3 Bg7 4. e4 d6 5. Nf3 O-O 6. Be2 e5 7. dxe5 dxe5 8. O-O
Nbd7 9. Be3 Ng4 10. Qd2 Nxe3 11. Qxe3 c6 12. Rad1 Qe7 13. a3 Nc5 14. b4 Ne6 15.
c5 Nd4 16. Bc4 Bg4 17. Be2 Bxf3 18. Bxf3 Rad8 19. Rd2 Nxf3+ 20. gxf3 Qh4 21.
Rfd1 Rxd2 22. Rxd2 Bh6 23. Qd3 Bxd2 24. Qxd2 Rd8 25. Qe3 Qf4 26. Qe2 Qc1+ 27.
Qf1 Qxc3 28. Qg2 Rd1+ 29. Qf1 Rxf1+ 30. Kxf1 Qxa3 31. Kg2 Qxb4 32. h3 a5 33.
Kg3 a4 34. h4 a3 35. h5 a2 36. hxg6 a1=R 37. gxf7+ Kxf7 38. f4 Rg1+ 39. Kf3
Qc3+ 40. Ke2 Re1# 0-1

[Event "Championnat de France des Jeunes - Benj"]
[Site "LA ROCHE SUR YON"]
[Date "2008.04.23"]
[Round "5.15"]
[White "Griggio, Julie"]
[Black "Bossmann, Sophie"]
[Result "1-0"]
[WhiteElo "1800"]
[BlackElo "1400"]
[Annotator "Salaun,Michel"]
[PlyCount "77"]
[EventDate "2008.04.23"]
[EventType "swiss"]
[EventRounds "5"]
[EventCountry "FRA"]

1. e4 e5 2. Nf3 Nc6 3. Nc3 Nf6 4. d4 exd4 5. Nxd4 Bc5 6. Be3 O-O 7. Nxc6 Qe8 8.
Bxc5 d6 9. Nxa7 dxc5 10. Nxc8 Rxc8 11. Bd3 Rd8 12. Qe2 c6 13. O-O b5 14. e5 Nd7
15. f4 c4 16. Be4 Nc5 17. a3 Qd7 18. Rad1 Qe7 19. Bxc6 Na4 20. Nxa4 bxa4 21.
Qxc4 Rc8 22. Rd6 Qa7+ 23. Kh1 Qc7 24. Qxa4 Rfd8 25. Rxd8+ Rxd8 26. c4 Rc8 27.
Rd1 h6 28. Bd5 Rd8 29. b4 Qe7 30. Qa5 Rd7 31. Qa8+ Kh7 32. Be4+ g6 33. Rxd7
Qxd7 34. Qd5 Qa4 35. Qxf7+ Kh8 36. Qf6+ Kg8 37. Bd5+ Kh7 38. Qf7+ Kh8 39. Qg8#
1-0